000 00685nam a2200241Ia 4500
003 OSt
005 20220924124833.0
006 a|||||r|||| 00| 0
007 ta
008 220923b |||||||| |||| 00| 0 fre d
024 _a352929
037 _cTextual
040 _aARTS
_cARTS
_bfre
041 _2fre
_afre
082 _a/\41:87, 122J1
100 _aFuente Marguerite La
_9197129
245 0 _aPirit nula le fil de pirit
_b suttas de protection
260 _aParis
_bLibrairie D` Amerique et D` Orient
_c1951
300 _a85
_ccm.
650 _aSPIRurdALISM
942 _h/\41:87, 122J1
_cTEXL
_2CC
999 _c421169
_d421169